[Event "ESP-ch U16"]
[Site "Salobrena"]
[Date "2015.07.24"]
[Round "7"]
[White "Andrade Sandoval, Jim Carlos"]
[Black "Llamas Guevara, Francisco Jose"]
[Result "1/2-1/2"]
[WhiteElo "1697"]
[BlackElo "1945"]
[PlyCount "57"]
[EventDate "2015.07.20"]
[EventType "swiss"]
[EventRounds "9"]
[EventCountry "ESP"]
[SourceTitle "EXT 2016"]
[Source "ChessBase"]
[SourceDate "2015.10.08"]
[SourceVersion "1"]
[SourceVersionDate "2015.10.08"]
[SourceQuality "1"]

1. d4 e6 2. Nf3 Nf6 3. c3 c5 4. e3 b6 5. Bd3 Bb7 6. Nbd2 cxd4 7. exd4 Nc6 8. 0-0 Be7 9. Re1 d6 10. Qe2 a6 11. Nf1 0-0 12. Bg5 Re8 13. Qc2 h6 14. Bh4 Rc8 15. a3 b5 16. Bxf6 Bxf6 17. Qd2 Na5 18. Qd1 Nc4 19. Bxc4 bxc4 20. Ne3 Qb6 21. Nd2 d5 22. Rb1 Qa5 23. Ng4 Be7 24. Re3 Bc6 25. Rg3 Kf8 26. Ne5 Bf6 27. Ng4 Bd8 28. Ne5 Bf6 29. Ng4 1/2-1/2